Statistics for African Diaspora - Top 10 Countries

Click here to take the quiz!

General Stats

  • This quiz has been taken 26,127 times
  • The average score is 8 of 10

Answer Stats

# % Country % Correct
48.7 mil14.8United States
99%
108 mil50.7Brazil
91%
2.00 mil3.0United Kingdom
91%
4.26 mil6.5France
88%
1.59 mil1.2Mexico
76%
2.68 mil92.1Jamaica
65%
4.13 mil35.9Cuba
65%
11.2 mil99.9Haiti
64%
5.18 mil10.4Colombia
58%
9.21 mil83.8Dominican Republic
55%

Score Distribution

Percentile by Number Answered

Percent of People with Each Score

Your Score History

You have not taken this quiz